000
00301 a2200109 4500
001
ART_18884
005
20260410161704.0
008
260409a
245
1
0
_a
Sobre el impuesto a la tierra
100
1
_a
Cuello, Raúl E.
773
0
_t
Revista Impuestos
_g
- Nº 8 (jul. 2010)
_w
REV639
999
_c
15424
_d
15424